Statistics for Scrambled Menu

Click here to take the quiz!

General Stats

  • This quiz has been taken 15 times
  • The average score is 5 of 10

Answer Stats

HintAnswer% Correct
VilerLiver
100%
LoiviarRavioli
67%
DrumatsMustard
58%
MasuritaTiramasu
50%
As angelLasagne
42%
GasesausSausages
42%
VideneEndive
33%
KachitoreArtichoke
25%
PlohipcteChipotle
25%
Man gomGammon
25%

Score Distribution

Percentile by Number Answered

Percent of People with Each Score

Your Score History

You have not taken this quiz